ポケモンSV 使用率クイズ - Statistics

General Stats
  • This quiz has been taken 25 times
  • The average score is 314 of 400
Answer Stats
Hint Answer % Correct
シーズン1(A) 5 カイリュー
100%
シーズン2(A) 1 カイリュー
100%
シーズン3(B) 2 カイリュー
100%
シーズン4(B) 3 カイリュー
100%
シーズン5(C) 1 カイリュー
100%
シーズン6(C) 1 カイリュー
100%
シーズン7(C) 1 カイリュー
100%
シーズン8(D) 2 カイリュー
100%
シーズン9(D) 1 カイリュー
100%
シーズン10(D+) 1 カイリュー
100%
シーズン11(E) 2 カイリュー
100%
シーズン12(E) 1 カイリュー
100%
シーズン13(E) 1 カイリュー
100%
シーズン14(F) 2 カイリュー
100%
シーズン15(F) 2 カイリュー
100%
シーズン16(F) 2 カイリュー
100%
シーズン17(F) 2 カイリュー
100%
シーズン18(G) 3 カイリュー
100%
シーズン19(G) 2 カイリュー
100%
シーズン20(G) 3 カイリュー
100%
シーズン21(G) 3 カイリュー
100%
シーズン22(H) 1 カイリュー
100%
シーズン23(H) 1 カイリュー
100%
シーズン24(H) 1 カイリュー
100%
シーズン25(H) 1 カイリュー
100%
シーズン26(G) 7 カイリュー
100%
シーズン27(G) 4 カイリュー
100%
シーズン28(G) 2 カイリュー
100%
シーズン29(G) 2 カイリュー
100%
シーズン30(I) 7 カイリュー
100%
シーズン31(I) 10 カイリュー
100%
シーズン18(G) 8 コライドン
95%
シーズン18(G) 10 ミライドン
95%
シーズン19(G) 6 ミライドン
95%
シーズン20(G) 8 ミライドン
95%
シーズン20(G) 9 コライドン
95%
シーズン21(G) 8 ミライドン
95%
シーズン26(G) 9 ミライドン
95%
シーズン27(G) 10 ミライドン
95%
シーズン28(G) 9 ミライドン
95%
シーズン29(G) 10 コライドン
95%
シーズン30(I) 3 コライドン
95%
シーズン30(I) 6 ミライドン
95%
シーズン31(I) 4 ミライドン
95%
シーズン31(I) 5 コライドン
95%
シーズン32(I) 1 コライドン
95%
シーズン32(I) 5 ミライドン
95%
シーズン33(I) 4 コライドン
95%
シーズン33(I) 5 ミライドン
95%
シーズン34(J) 4 コライドン
95%
シーズン34(J) 7 ミライドン
95%
シーズン35(J) 3 ミライドン
95%
シーズン35(J) 4 コライドン
95%
シーズン36(J) 3 コライドン
95%
シーズン36(J) 5 ミライドン
95%
シーズン37(J) 3 コライドン
95%
シーズン37(J) 5 ミライドン
95%
シーズン38(I) 2 コライドン
95%
シーズン38(I) 5 ミライドン
95%
シーズン39(I) 2 コライドン
95%
シーズン39(I) 5 ミライドン
95%
シーズン40(I) 4 コライドン
95%
シーズン40(I) 5 ミライドン
95%
シーズン1(A) 1 サーフゴー
89%
シーズン1(A) 9 ガブリアス
89%
シーズン2(A) 2 サーフゴー
89%
シーズン2(A) 3 ガブリアス
89%
シーズン3(B) 3 サーフゴー
89%
シーズン4(B) 4 サーフゴー
89%
シーズン5(C) 5 サーフゴー
89%
シーズン6(C) 2 サーフゴー
89%
シーズン7(C) 3 サーフゴー
89%
シーズン8(D) 5 サーフゴー
89%
シーズン9(D) 4 サーフゴー
89%
シーズン10(D+) 3 サーフゴー
89%
シーズン11(E) 5 サーフゴー
89%
シーズン12(E) 4 サーフゴー
89%
シーズン13(E) 4 サーフゴー
89%
シーズン14(F) 5 サーフゴー
89%
シーズン15(F) 8 サーフゴー
89%
シーズン16(F) 8 サーフゴー
89%
シーズン17(F) 8 サーフゴー
89%
シーズン22(H) 2 サーフゴー
89%
シーズン22(H) 9 ガブリアス
89%
シーズン23(H) 4 サーフゴー
89%
シーズン23(H) 6 ガブリアス
89%
シーズン24(H) 4 サーフゴー
89%
シーズン24(H) 6 ガブリアス
89%
シーズン25(H) 4 サーフゴー
89%
シーズン25(H) 6 ガブリアス
89%
シーズン1(A) 3 サザンドラ
84%
シーズン1(A) 4 マスカーニャ
84%
シーズン1(A) 8 ラウドボーン
84%
シーズン2(A) 6 サザンドラ
84%
シーズン2(A) 7 マスカーニャ
84%
シーズン2(A) 8 ラウドボーン
84%
シーズン3(B) 1 ハバタクカミ
84%
シーズン3(B) 7 テツノツツミ
84%
シーズン4(B) 1 ハバタクカミ
84%
シーズン4(B) 6 テツノツツミ
84%
シーズン4(B) 10 マスカーニャ
84%
シーズン5(C) 2 ハバタクカミ
84%
シーズン5(C) 3 ディンルー
84%
シーズン5(C) 4 パオジアン
84%
シーズン5(C) 8 テツノツツミ
84%
シーズン6(C) 3 ハバタクカミ
84%
シーズン6(C) 4 パオジアン
84%
シーズン6(C) 5 ディンルー
84%
シーズン6(C) 7 テツノツツミ
84%
シーズン7(C) 2 ハバタクカミ
84%
シーズン7(C) 4 パオジアン
84%
シーズン7(C) 5 ディンルー
84%
シーズン7(C) 7 テツノツツミ
84%
シーズン8(D) 1 ハバタクカミ
84%
シーズン8(D) 3 パオジアン
84%
シーズン8(D) 4 ウーラオス
84%
シーズン8(D) 7 テツノツツミ
84%
シーズン8(D) 8 ディンルー
84%
シーズン9(D) 2 ハバタクカミ
84%
シーズン9(D) 3 パオジアン
84%
シーズン9(D) 5 ウーラオス
84%
シーズン9(D) 6 テツノツツミ
84%
シーズン9(D) 7 ディンルー
84%
シーズン10(D+) 2 ハバタクカミ
84%
シーズン10(D+) 5 パオジアン
84%
シーズン10(D+) 6 ウーラオス
84%
シーズン10(D+) 7 ディンルー
84%
シーズン10(D+) 8 テツノツツミ
84%
シーズン11(E) 3 ハバタクカミ
84%
シーズン11(E) 6 パオジアン
84%
シーズン11(E) 7 ウーラオス
84%
シーズン11(E) 10 テツノツツミ
84%
シーズン12(E) 2 ハバタクカミ
84%
シーズン12(E) 6 ウーラオス
84%
シーズン12(E) 7 パオジアン
84%
シーズン12(E) 9 ディンルー
84%
シーズン13(E) 2 ハバタクカミ
84%
シーズン13(E) 5 ウーラオス
84%
シーズン13(E) 7 パオジアン
84%
シーズン13(E) 9 ディンルー
84%
シーズン13(E) 10 テツノツツミ
84%
シーズン14(F) 1 ハバタクカミ
84%
シーズン14(F) 4 ウーラオス
84%
シーズン14(F) 7 パオジアン
84%
シーズン15(F) 1 ハバタクカミ
84%
シーズン15(F) 4 ウーラオス
84%
シーズン15(F) 5 パオジアン
84%
シーズン16(F) 1 ハバタクカミ
84%
シーズン16(F) 4 ウーラオス
84%
シーズン16(F) 5 パオジアン
84%
シーズン17(F) 1 ハバタクカミ
84%
シーズン17(F) 4 パオジアン
84%
シーズン17(F) 6 ウーラオス
84%
シーズン18(G) 1 ハバタクカミ
84%
シーズン18(G) 2 パオジアン
84%
シーズン18(G) 4 ディンルー
84%
シーズン19(G) 1 ハバタクカミ
84%
シーズン19(G) 3 パオジアン
84%
シーズン19(G) 4 ディンルー
84%
シーズン19(G) 5 ウーラオス
84%
シーズン20(G) 1 ハバタクカミ
84%
シーズン20(G) 2 パオジアン
84%
シーズン20(G) 4 ウーラオス
84%
シーズン20(G) 5 ディンルー
84%
シーズン21(G) 1 ハバタクカミ
84%
シーズン21(G) 2 パオジアン
84%
シーズン21(G) 4 ウーラオス
84%
シーズン21(G) 7 ディンルー
84%
シーズン22(H) 8 マスカーニャ
84%
シーズン23(H) 5 マスカーニャ
84%
シーズン24(H) 5 マスカーニャ
84%
シーズン24(H) 10 ラウドボーン
84%
シーズン25(H) 5 マスカーニャ
84%
シーズン26(G) 1 ハバタクカミ
84%
シーズン26(G) 2 パオジアン
84%
シーズン26(G) 3 ウーラオス
84%
シーズン26(G) 5 ディンルー
84%
シーズン27(G) 1 ハバタクカミ
84%
シーズン27(G) 2 パオジアン
84%
シーズン27(G) 3 ウーラオス
84%
シーズン27(G) 5 ディンルー
84%
シーズン28(G) 1 ハバタクカミ
84%
シーズン28(G) 3 パオジアン
84%
シーズン28(G) 4 ディンルー
84%
シーズン28(G) 5 ウーラオス
84%
シーズン29(G) 1 ハバタクカミ
84%
シーズン29(G) 3 パオジアン
84%
シーズン29(G) 4 ディンルー
84%
シーズン29(G) 5 ウーラオス
84%
シーズン30(I) 1 ディンルー
84%
シーズン30(I) 4 ハバタクカミ
84%
シーズン30(I) 5 パオジアン
84%
シーズン31(I) 1 ディンルー
84%
シーズン31(I) 3 パオジアン
84%
シーズン31(I) 6 ウーラオス
84%
シーズン31(I) 7 ハバタクカミ
84%
シーズン32(I) 2 ディンルー
84%
シーズン32(I) 3 パオジアン
84%
シーズン32(I) 7 ウーラオス
84%
シーズン32(I) 9 ハバタクカミ
84%
シーズン33(I) 2 パオジアン
84%
シーズン33(I) 3 ディンルー
84%
シーズン33(I) 7 ウーラオス
84%
シーズン33(I) 8 ハバタクカミ
84%
シーズン34(J) 1 ディンルー
84%
シーズン34(J) 2 パオジアン
84%
シーズン34(J) 6 ハバタクカミ
84%
シーズン34(J) 8 ウーラオス
84%
シーズン35(J) 1 ディンルー
84%
シーズン35(J) 2 パオジアン
84%
シーズン35(J) 6 ハバタクカミ
84%
シーズン35(J) 7 ウーラオス
84%
シーズン36(J) 1 ディンルー
84%
シーズン36(J) 2 パオジアン
84%
シーズン36(J) 6 ウーラオス
84%
シーズン36(J) 7 ハバタクカミ
84%
シーズン37(J) 1 ディンルー
84%
シーズン37(J) 4 パオジアン
84%
シーズン37(J) 6 ウーラオス
84%
シーズン37(J) 7 ハバタクカミ
84%
シーズン38(I) 1 ディンルー
84%
シーズン38(I) 4 パオジアン
84%
シーズン38(I) 6 ハバタクカミ
84%
シーズン38(I) 7 ウーラオス
84%
シーズン39(I) 1 ディンルー
84%
シーズン39(I) 3 パオジアン
84%
シーズン39(I) 6 ハバタクカミ
84%
シーズン39(I) 8 ウーラオス
84%
シーズン40(I) 1 パオジアン
84%
シーズン40(I) 2 ディンルー
84%
シーズン40(I) 7 ウーラオス
84%
シーズン40(I) 8 ハバタクカミ
84%
シーズン3(B) 9 ヘイラッシャ
79%
シーズン4(B) 8 ヘイラッシャ
79%
シーズン5(C) 6 イーユイ
79%
シーズン6(C) 10 イーユイ
79%
シーズン7(C) 6 イーユイ
79%
シーズン7(C) 10 ヘイラッシャ
79%
シーズン10(D+) 9 イーユイ
79%
シーズン11(E) 9 イーユイ
79%
シーズン12(E) 8 イーユイ
79%
シーズン13(E) 8 イーユイ
79%
シーズン17(F) 10 イーユイ
79%
シーズン19(G) 7 ヘイラッシャ
79%
シーズン20(G) 7 ヘイラッシャ
79%
シーズン21(G) 9 ヘイラッシャ
79%
シーズン25(H) 9 ヘイラッシャ
79%
シーズン26(G) 10 ヘイラッシャ
79%
シーズン28(G) 10 ヘイラッシャ
79%
シーズン29(G) 9 ヘイラッシャ
79%
シーズン30(I) 8 ザシアン
79%
シーズン31(I) 9 ザシアン
79%
シーズン32(I) 6 ヘイラッシャ
79%
シーズン33(I) 6 ヘイラッシャ
79%
シーズン33(I) 10 ザシアン
79%
シーズン34(J) 5 ヘイラッシャ
79%
シーズン35(J) 9 ヘイラッシャ
79%
シーズン36(J) 8 ヘイラッシャ
79%
シーズン37(J) 8 ヘイラッシャ
79%
シーズン38(I) 10 ヘイラッシャ
79%
シーズン1(A) 2 ドラパルト
74%
シーズン1(A) 6 ミミッキュ
74%
シーズン2(A) 5 ドラパルト
74%
シーズン3(B) 8 ミミッキュ
74%
シーズン6(C) 6 ミミッキュ
74%
シーズン7(C) 8 ミミッキュ
74%
シーズン22(H) 6 ミミッキュ
74%
シーズン23(H) 9 ミミッキュ
74%
シーズン2(A) 4 ドドゲザン
68%
シーズン2(A) 9 セグレイブ
68%
シーズン3(B) 4 セグレイブ
68%
シーズン3(B) 6 ドドゲザン
68%
シーズン4(B) 2 セグレイブ
68%
シーズン4(B) 7 ドドゲザン
68%
シーズン10(D+) 4 オーガポン
68%
シーズン11(E) 1 オーガポン
68%
シーズン12(E) 3 オーガポン
68%
シーズン12(E) 10 トドロクツキ
68%
シーズン13(E) 3 オーガポン
68%
シーズン14(F) 3 オーガポン
68%
シーズン14(F) 10 ブリジュラス
68%
シーズン15(F) 3 オーガポン
68%
シーズン15(F) 7 ブリジュラス
68%
シーズン16(F) 3 オーガポン
68%
シーズン16(F) 7 ブリジュラス
68%
シーズン17(F) 3 オーガポン
68%
シーズン17(F) 7 ブリジュラス
68%
シーズン18(G) 5 オーガポン
68%
シーズン18(G) 7 バドレックス
68%
シーズン19(G) 9 バドレックス
68%
シーズン19(G) 10 オーガポン
68%
シーズン20(G) 10 バドレックス
68%
シーズン21(G) 6 オーガポン
68%
シーズン21(G) 10 バドレックス
68%
シーズン22(H) 4 ブリジュラス
68%
シーズン23(H) 2 ブリジュラス
68%
シーズン24(H) 2 ブリジュラス
68%
シーズン25(H) 3 ブリジュラス
68%
シーズン26(G) 4 オーガポン
68%
シーズン26(G) 8 バドレックス
68%
シーズン27(G) 6 オーガポン
68%
シーズン27(G) 7 バドレックス
68%
シーズン28(G) 6 オーガポン
68%
シーズン28(G) 8 バドレックス
68%
シーズン29(G) 6 オーガポン
68%
シーズン29(G) 8 バドレックス
68%
シーズン30(I) 2 バドレックス
68%
シーズン30(I) 9 ホウオウ
68%
シーズン31(I) 2 バドレックス
68%
シーズン32(I) 4 バドレックス
68%
シーズン33(I) 1 バドレックス
68%
シーズン34(J) 3 バドレックス
68%
シーズン35(J) 5 バドレックス
68%
シーズン35(J) 10 ホウオウ
68%
シーズン36(J) 4 バドレックス
68%
シーズン37(J) 2 バドレックス
68%
シーズン38(I) 3 バドレックス
68%
シーズン38(I) 9 ホウオウ
68%
シーズン39(I) 4 バドレックス
68%
シーズン39(I) 9 ホウオウ
68%
シーズン40(I) 3 バドレックス
68%
シーズン40(I) 10 ホウオウ
68%
シーズン1(A) 7 ロトム
63%
シーズン2(A) 10 ロトム
63%
シーズン3(B) 5 テツノドクガ
63%
シーズン3(B) 10 ロトム
63%
シーズン4(B) 5 テツノドクガ
63%
シーズン5(C) 7 テツノドクガ
63%
シーズン6(C) 8 テツノドクガ
63%
シーズン6(C) 9 ロトム
63%
シーズン7(C) 9 ロトム
63%
シーズン8(D) 10 ガチグマ
63%
シーズン9(D) 8 ガチグマ
63%
シーズン11(E) 4 ガチグマ
63%
シーズン11(E) 8 ハッサム
63%
シーズン12(E) 5 ガチグマ
63%
シーズン13(E) 6 ガチグマ
63%
シーズン14(F) 6 ガチグマ
63%
シーズン14(F) 8 ハッサム
63%
シーズン15(F) 6 ガチグマ
63%
シーズン15(F) 10 ハッサム
63%
シーズン16(F) 6 ガチグマ
63%
シーズン16(F) 10 ハッサム
63%
シーズン17(F) 5 ガチグマ
63%
シーズン18(G) 9 ガチグマ
63%
シーズン19(G) 8 ガチグマ
63%
シーズン20(G) 6 ガチグマ
63%
シーズン21(G) 5 ガチグマ
63%
シーズン22(H) 3 ガチグマ
63%
シーズン23(H) 3 ガチグマ
63%
シーズン24(H) 3 ガチグマ
63%
シーズン25(H) 2 ガチグマ
63%
シーズン27(G) 9 ガチグマ
63%
シーズン28(G) 7 ガチグマ
63%
シーズン29(G) 7 ガチグマ
63%
シーズン36(J) 10 キラフロル
63%
シーズン37(J) 10 キラフロル
63%
シーズン39(I) 10 キラフロル
63%
シーズン40(I) 9 キラフロル
63%
シーズン8(D) 9 ランドロス
58%
シーズン9(D) 9 ランドロス
58%
シーズン10(D+) 10 ランドロス
58%
シーズン14(F) 9 ランドロス
58%
シーズン15(F) 9 ランドロス
58%
シーズン16(F) 9 ランドロス
58%
シーズン17(F) 9 ランドロス
58%
シーズン18(G) 6 ランドロス
58%
シーズン26(G) 6 ランドロス
58%
シーズン27(G) 8 ランドロス
58%
シーズン30(I) 10 ランドロス
58%
シーズン32(I) 8 ランドロス
58%
シーズン33(I) 9 ランドロス
58%
シーズン34(J) 10 ランドロス
58%
シーズン35(J) 8 ランドロス
58%
シーズン36(J) 9 ランドロス
58%
シーズン37(J) 9 ランドロス
58%
シーズン38(I) 8 ランドロス
58%
シーズン39(I) 7 ランドロス
58%
シーズン40(I) 6 ランドロス
58%
シーズン4(B) 9 コノヨザル
53%
シーズン5(C) 9 コノヨザル
53%
シーズン22(H) 10 コノヨザル
53%
シーズン22(H) 5 アシレーヌ
47%
シーズン23(H) 7 アシレーヌ
47%
シーズン23(H) 8 アーマーガア
47%
シーズン24(H) 7 アシレーヌ
47%
シーズン25(H) 7 アシレーヌ
47%
シーズン34(J) 9 アルセウス
47%
シーズン24(H) 8 オオニューラ
42%
シーズン25(H) 8 オオニューラ
42%
シーズン31(I) 8 グライオン
42%
シーズン32(I) 10 グライオン
42%
シーズン1(A) 10 ウルガモス
37%
シーズン8(D) 6 ヒードラン
37%
シーズン9(D) 10 ヒードラン
37%
シーズン22(H) 7 ウルガモス
37%
シーズン23(H) 10 ウルガモス
37%
シーズン24(H) 9 ウルガモス
37%
シーズン25(H) 10 ウルガモス
37%
シーズン5(C) 10 マリルリ
32%
No matching quizzes found
Score Distribution
Percent of People with Each Score
Percentile by Number Answered
Your Score History
You have not taken this quiz